| 000 | 00352nam a2200133Ia 4500 | ||
|---|---|---|---|
| 008 | 240624s9999 xx 000 0 und d | ||
| 041 | _aeng | ||
| 082 | _a302.14 BAR | ||
| 100 | _aBARTKUS VIVA ONA | ||
| 245 | _aSOCIAL CAPITAL REACHING OUT REACHING IN | ||
| 260 |
_c2009 _aUnited Kingdom _bEdward Elgar |
||
| 300 | _axv, 369 p.; 23 cm. | ||
| 365 |
_c _b38 |
||
| 999 |
_c30642 _d30642 |
||